| 000 | 00623nam a2200229Ia 4500 | ||
|---|---|---|---|
| 003 | OSt | ||
| 005 | 20230607142208.0 | ||
| 008 | 210423s2012 xx 000 0 und d | ||
| 020 | _a9781849050760 | ||
| 040 | _cAL | ||
| 041 | _aeng | ||
| 082 | _a361.3071141 LISS | ||
| 100 |
_aLISHMAN (Joyce),Ed _9121516 |
||
| 245 | _aSocial work education and training | ||
| 260 |
_aLondon _bJessica Kingsley Publishers _c2012 |
||
| 300 |
_a224 _bPB |
||
| 365 |
_b1622 _cINR |
||
| 650 |
_aSocial Problems & Services _9121517 |
||
| 650 |
_aSocial Work _9121518 |
||
| 906 | _aeducation ; Social ; training ; work | ||
| 942 |
_2ddc _cBK |
||
| 999 |
_c176181 _d176181 |
||